[Event "I Festival de Ajedrez "Villa de Javea""]
[Site "Javea"]
[Date "1992.03.18"]
[Round "8.3"]
[White "Franco Ocampos, Zenon"]
[Black "Sanchez Guirado, Francisco Javier"]
[Result "1-0"]
[WhiteElo "2520"]
[BlackElo "2340"]
[PlyCount "103"]
[EventDate "1992.03.??"]
[EventType "tourn"]
[EventRounds "11"]
[EventCountry "ESP"]
[EventCategory "4"]

1. c4 e5 2. Nc3 Nc6 3. Nf3 g6 4. d4 exd4 5. Nd5 Bg7 6. Bg5 Nce7 7. Nxd4 c6 8.
Nxe7 Nxe7 9. Qd2 h6 10. Bh4 d5 11. e3 Qb6 12. Bxe7 Kxe7 13. cxd5 Rd8 14. Bc4
cxd5 15. Be2 Bxd4 16. exd4 Bf5 17. O-O Kf6 18. g4 Be6 19. f4 Kg7 20. Kh1 f5 21.
g5 hxg5 22. fxg5 Rac8 23. Rac1 Qd6 24. Bd3 Rh8 25. Rxc8 Rxc8 26. Qf4 Qxf4 27.
Rxf4 Bd7 28. Kg2 Ba4 29. Rf2 Rc1 30. Rf1 Rxf1 31. Kxf1 Bd1 32. Kf2 Kf7 33. Ke3
Ke6 34. Kf4 Bg4 35. Bf1 Kd6 36. Bg2 Bd1 37. Bf3 Bc2 38. h4 Ke6 39. h5 gxh5 40.
Bxh5 Bb1 41. a3 Be4 42. Bg6 Bc2 43. Bh7 Be4 44. g6 Kf6 45. g7 Kxg7 46. Bxf5 Bg2
47. Ke5 b6 48. Be6 Kf8 49. Bxd5 Bh3 50. Kd6 Ke8 51. Kc7 Ke7 52. Bc6 1-0

[Event "I Festival de Ajedrez "Villa de Javea""]
[Site "Javea"]
[Date "1992.03.18"]
[Round "8.5"]
[White "Vassallo Barroche, Mauricio"]
[Black "Anguix Garrido, Juan Francisco"]
[Result "1/2-1/2"]
[WhiteElo "2290"]
[BlackElo "2300"]
[PlyCount "21"]
[EventDate "1992.03.??"]
[EventType "tourn"]
[EventRounds "11"]
[EventCountry "ESP"]
[EventCategory "4"]

1. d4 d5 2. c4 c6 3. cxd5 cxd5 4. Nc3 Nf6 5. Bf4 Nc6 6. e3 Bf5 7. Nf3 e6 8. Bb5
Nd7 9. O-O Rc8 10. Rc1 a6 11. Bxc6 1/2-1/2

[Event "I Festival de Ajedrez "Villa de Javea""]
[Site "Javea"]
[Date "1992.03.18"]
[Round "8.6"]
[White "Eslon, Jaan"]
[Black "Garcia Trobat, Francisco"]
[Result "1/2-1/2"]
[WhiteElo "2420"]
[BlackElo "2305"]
[PlyCount "42"]
[EventDate "1992.03.??"]
[EventType "tourn"]
[EventRounds "11"]
[EventCountry "ESP"]
[EventCategory "4"]

1. d4 Nf6 2. c4 e6 3. Nc3 Bb4 4. Qc2 O-O 5. Nf3 b6 6. Bg5 Bb7 7. e3 h6 8. Bh4
c5 9. a3 Bxc3+ 10. Qxc3 d6 11. Be2 Nbd7 12. O-O Rc8 13. Rfd1 Qe7 14. Nd2 Rfd8
15. b3 cxd4 16. Qxd4 e5 17. Qb2 d5 18. cxd5 Bxd5 19. b4 Nf8 20. e4 Bc6 21. f3
Ng6 1/2-1/2

[Event "I Festival de Ajedrez "Villa de Javea""]
[Site "Javea"]
[Date "1992.03.19"]
[Round "9.1"]
[White "Garcia Trobat, Francisco"]
[Black "Bevia Martinez, Luis"]
[Result "1-0"]
[WhiteElo "2305"]
[BlackElo "2255"]
[PlyCount "51"]
[EventDate "1992.03.??"]
[EventType "tourn"]
[EventRounds "11"]
[EventCountry "ESP"]
[EventCategory "4"]

1. Nf3 c5 2. g3 Nc6 3. Bg2 g6 4. O-O Bg7 5. c4 e5 6. Nc3 d6 7. d3 h6 8. Ne1 g5
9. Nc2 f5 10. Ne3 Nge7 11. f4 gxf4 12. gxf4 Ng6 13. Nxf5 Bxf5 14. e4 Qh4 15.
exf5 Nge7 16. Ne4 Nxf5 17. fxe5 O-O 18. Rf4 Qd8 19. Nf6+ Kh8 20. Rxf5 dxe5 21.
Bxc6 bxc6 22. Bg5 Bxf6 23. Bxh6 Qe8 24. Kh1 Qg6 25. Qf3 Bg7 26. Bxg7+ 1-0

[Event "I Festival de Ajedrez "Villa de Javea""]
[Site "Javea"]
[Date "1992.03.19"]
[Round "9.2"]
[White "Anguix Garrido, Juan Francisco"]
[Black "Eslon, Jaan"]
[Result "1/2-1/2"]
[WhiteElo "2300"]
[BlackElo "2420"]
[PlyCount "29"]
[EventDate "1992.03.??"]
[EventType "tourn"]
[EventRounds "11"]
[EventCountry "ESP"]
[EventCategory "4"]

1. d4 g6 2. c4 Bg7 3. Nc3 d6 4. e4 Nf6 5. Be2 O-O 6. Nf3 c5 7. d5 e6 8. Bf4
exd5 9. cxd5 a6 10. a4 Bg4 11. Nd2 Bxe2 12. Qxe2 Nh5 13. Be3 Nd7 14. O-O f5 15.
exf5 1/2-1/2

[Event "I Festival de Ajedrez "Villa de Javea""]
[Site "Javea"]
[Date "1992.03.19"]
[Round "9.5"]
[White "Hoffman, Alejandro"]
[Black "Franco Ocampos, Zenon"]
[Result "1/2-1/2"]
[WhiteElo "2445"]
[BlackElo "2520"]
[PlyCount "21"]
[EventDate "1992.03.??"]
[EventType "tourn"]
[EventRounds "11"]
[EventCountry "ESP"]
[EventCategory "4"]
[SourceDate "2001.01.01"]

1. c4 c5 2. Nc3 Nf6 3. g3 d5 4. cxd5 Nxd5 5. Bg2 Nc7 6. Qb3 Nc6 7. Bxc6+ bxc6
8. Qa4 Qd7 9. Nf3 f6 10. d3 e5 11. O-O 1/2-1/2

[Event "I Festival de Ajedrez "Villa de Javea""]
[Site "Javea"]
[Date "1992.03.20"]
[Round "10.2"]
[White "Franco Ocampos, Zenon"]
[Black "Caruana Font de Mora, Rafael"]
[Result "1-0"]
[WhiteElo "2520"]
[BlackElo "2345"]
[PlyCount "41"]
[EventDate "1992.03.??"]
[EventType "tourn"]
[EventRounds "11"]
[EventCountry "ESP"]
[EventCategory "4"]
[SourceDate "2001.01.01"]

1. d4 Nf6 2. Nf3 e6 3. e3 c5 4. c4 d5 5. Nc3 Nc6 6. a3 dxc4 7. Bxc4 a6 8. O-O
b5 9. Ba2 Bb7 10. Qe2 Qc7 11. Rd1 Bd6 12. dxc5 Bxc5 13. b4 Ba7 14. Bb2 Bb8 15.
Rac1 O-O 16. Bb1 Ng4 17. Ne4 Qe7 18. Nc5 Bc8 19. h3 Nge5 20. Nxe5 Nxe5 21. Bxe5
1-0

[Event "I Festival de Ajedrez "Villa de Javea""]
[Site "Javea"]
[Date "1992.03.20"]
[Round "10.5"]
[White "Eslon, Jaan"]
[Black "Garcia Fernandez, Carlos"]
[Result "1-0"]
[WhiteElo "2420"]
[BlackElo "2390"]
[PlyCount "81"]
[EventDate "1992.03.??"]
[EventType "tourn"]
[EventRounds "11"]
[EventCountry "ESP"]
[EventCategory "4"]

1. e4 e5 2. Nf3 Nc6 3. d4 exd4 4. Nxd4 Nf6 5. Nc3 Bb4 6. Nxc6 bxc6 7. Bd3 d5 8.
exd5 cxd5 9. O-O O-O 10. Bg5 c6 11. Ne2 Bd6 12. Kh1 Re8 13. c4 h6 14. Bh4 Be5
15. Qc2 Rb8 16. Rab1 Qe7 17. f4 Bd6 18. Nd4 Bd7 19. Rbe1 Qf8 20. Bxf6 gxf6 21.
Bh7+ Kh8 22. Bf5 Rxe1 23. Rxe1 Re8 24. Rf1 Qe7 25. Qd1 Bxf5 26. Nxf5 Qf8 27.
cxd5 cxd5 28. g3 Rd8 29. Qd4 Bc5 30. Qxf6+ Kh7 31. Rc1 Bb6 32. Rc6 Re8 33. Qc3
d4 34. Qd3 Re6 35. Nxd4+ Rg6 36. Nf3 Qa8 37. Rxg6 fxg6 38. h4 Kg7 39. Kh2 Qe8
40. Ne5 Kf6 41. Ng4+ 1-0

[Event "I Festival de Ajedrez "Villa de Javea""]
[Site "Javea"]
[Date "1992.03.20"]
[Round "10.6"]
[White "Garcia Trobat, Francisco"]
[Black "Anguix Garrido, Juan Francisco"]
[Result "1/2-1/2"]
[WhiteElo "2305"]
[BlackElo "2300"]
[PlyCount "27"]
[EventDate "1992.03.??"]
[EventType "tourn"]
[EventRounds "11"]
[EventCountry "ESP"]
[EventCategory "4"]

1. e4 c6 2. d4 d5 3. Nc3 dxe4 4. Nxe4 Nf6 5. Nxf6+ gxf6 6. Nf3 Bg4 7. Be2 e6 8.
h3 Bh5 9. Bf4 Bd6 10. Bxd6 Qxd6 11. Qd2 Nd7 12. O-O-O Bg6 13. Nh4 O-O-O 14. f4
1/2-1/2

[Event "I Festival de Ajedrez "Villa de Javea""]
[Site "Javea"]
[Date "1992.03.21"]
[Round "11.1"]
[White "Anguix Garrido, Juan Francisco"]
[Black "Bevia Martinez, Luis"]
[Result "1-0"]
[WhiteElo "2300"]
[BlackElo "2255"]
[PlyCount "55"]
[EventDate "1992.03.??"]
[EventType "tourn"]
[EventRounds "11"]
[EventCountry "ESP"]
[EventCategory "4"]

1. d4 Nf6 2. Nf3 e6 3. Bg5 h6 4. Bh4 c5 5. e3 Qb6 6. Nbd2 d5 7. c4 g5 8. Bg3 g4
9. dxc5 Bxc5 10. Ne5 Ne4 11. Nxe4 dxe4 12. Be2 h5 13. h3 Qxb2 14. Rb1 Qc3+ 15.
Kf1 Nd7 16. Rb3 Qa5 17. Rb5 Qa3 18. hxg4 h4 19. Rxh4 Rxh4 20. Bxh4 Be7 21. Bxe7
Qxe7 22. Qd4 a6 23. Rb1 Nc5 24. Rd1 f6 25. Ng6 Qh7 26. Qd8+ Kf7 27. Nh8+ Kg7
28. Qe7+ 1-0

[Event "I Festival de Ajedrez "Villa de Javea""]
[Site "Javea"]
[Date "1992.03.21"]
[Round "11.3"]
[White "Sanchez Guirado, Francisco Javier"]
[Black "Eslon, Jaan"]
[Result "1/2-1/2"]
[WhiteElo "2340"]
[BlackElo "2420"]
[PlyCount "22"]
[EventDate "1992.03.??"]
[EventType "tourn"]
[EventRounds "11"]
[EventCountry "ESP"]
[EventCategory "4"]
[SourceDate "2001.01.01"]

1. d4 d5 2. Nf3 Nf6 3. c4 c6 4. cxd5 cxd5 5. Nc3 Nc6 6. Bf4 a6 7. e3 Bg4 8. Be2
Bxf3 9. Bxf3 e6 10. O-O Bd6 11. Bxd6 Qxd6 1/2-1/2

[Event "I Festival de Ajedrez "Villa de Javea""]
[Site "Javea"]
[Date "1992.03.21"]
[Round "11.4"]
[White "Hoffman, Alejandro"]
[Black "Vassallo Barroche, Mauricio"]
[Result "1/2-1/2"]
[WhiteElo "2445"]
[BlackElo "2290"]
[PlyCount "24"]
[EventDate "1992.03.??"]
[EventType "tourn"]
[EventRounds "11"]
[EventCountry "ESP"]
[EventCategory "4"]
[SourceDate "2001.01.01"]

1. Nf3 Nf6 2. g3 g6 3. Bg2 Bg7 4. O-O O-O 5. c4 c5 6. Nc3 Nc6 7. e3 e6 8. d4
cxd4 9. Nxd4 Nxd4 10. exd4 d5 11. cxd5 Nxd5 12. Nxd5 exd5 1/2-1/2